Manejo nutritivo de los rodeos de cría en pastoreo /
Guardado en:
| Autor Principal: | |
|---|---|
| Formato: | Libro |
| Publicado: |
Buenos Aires :
Hemisferio Sur,
2008
|
| Materias: | |
| Etiquetas: |
Agregar Etiqueta
Sin Etiquetas, Sea el primero en etiquetar este registro!
|
| LEADER | 01317nam a22002415a 4500 | ||
|---|---|---|---|
| 001 | CEM.cems017574 | ||
| 005 | 20120903162408.0 | ||
| 008 | 130507s2008##################000#0#####d | ||
| 003 | CEMS | ||
| 020 | |a 9789974674059 | ||
| 082 | 0 | 4 | |a 636.084 |
| 100 | 1 | |a Rovira Molins, Jaime | |
| 245 | 1 | 0 | |a Manejo nutritivo de los rodeos de cría en pastoreo / |c Jaime Rovira Molins |
| 260 | |a Buenos Aires : |b Hemisferio Sur, |c 2008 | ||
| 300 | |a 336 p. | ||
| 505 | 0 | |a Valoración de los alimentos -- Requerimientos nutritivos -- Consumo -- Comportamiento animal a pastoreo -- Campo natural, base forrajera del rodeo de cría -- Clasificación de vientres por estado corporal -- Epoca de entore -- Manejo nutritivo en vientres adultos y su eficiencia reproductiva -- Pubertad y primer entore -- Segundo entore -- Manejo de toros -- Pérdidas de terneros -- Producción de leche -- Relaciones entre la producción de leche de la madre y el crecimiento del ternero -- Destete -- Tamaño y eficiencia -- Cruzamientos -- Aspectos relevantes del manejo agronómico de los rodeos de cría | |
| 653 | |a Bovinos | ||
| 653 | |a Bovinos-rodeos de cría | ||
| 653 | |a Bovinos-nutrición | ||
| 653 | |a Pastoreo | ||
| 653 | |a Bovinos-reproducción | ||
| 653 | |a Bovinos-cruzamientos | ||
| 859 | |a CEMS |b BIB. CEMS - Agricultura |h 636.084 |i R769 |p A1371.11 |t Ej.1 | ||
